| 000 | 00558nam a2200193 a 4500 | ||
|---|---|---|---|
| 005 | 20240910064414.0 | ||
| 008 | 121011s2006 mx r 000 0 spa d | ||
| 035 | _aUPN01000187363 | ||
| 049 | _aCG | ||
| 050 | 4 |
_aLB2157 M6 _bP3.7 |
|
| 245 | 0 | 0 | _aPara hacer posible el aprendizaje. |
| 260 |
_aMéxico : _bSEP : _bAFSEDF, _c2006. |
||
| 300 | _a184 p. | ||
| 440 | 0 | _aIniciativas para mejorar la educación básica y normal | |
| 650 | 4 |
_aPrácticas de la enseñanza _zMéxico _919801 |
|
| 650 | 4 |
_aAprendizaje _92861 |
|
| 905 | _aLibro | ||
| 999 |
_c159466 _d159466 |
||